000 01185cam a2200289 a 4500
999 _c25668
_d25668
001 1145312
005 20170201094140.0
008 950922s1996 iluaf b 001 0 eng
010 _a 95044075
020 _a1566250552 (paperback)
043 _an-us---
050 0 0 _aNK1125 .S49 1996
100 1 _aSiegel, Jeanne.
245 1 0 _aSelling your valuables :
_bfrom antiques to collectibles, your household possessions are worth more than you think /
_cJeanne Siegel.
260 _aChicago :
_bBonus Books,
_cc1996.
300 _aviii, 106 p., [12] p. of plates :
_bill. ;
_c22 cm.
504 _aIncludes bibliographical references (p. 97-98) and index.
650 0 _aAntiques
_zUnited States
_xMarketing.
650 0 _aCollectibles
_zUnited States
_xMarketing.
942 _2lcc
_cBOOKS